000 00221nam a22000977a 4500
008 180806b xxu||||| |||| 00| 0 eng d
082 _a813.52
245 _aReading Road Trip
_cWesley,A
300 _a1
_fCD
942 _2ddc
_cMX
999 _c46865
_d46865